[Event "POL-chT 58th"]
[Site "Lubniewice"]
[Date "2002.09.08"]
[Round "9"]
[White "Owczarzak, Jerzy"]
[Black "Dryja, Piotr"]
[Result "1-0"]
[WhiteElo "2294"]
[BlackElo "2104"]
[PlyCount "55"]
[EventDate "2002.08.31"]
[EventType "team-tourn"]
[EventRounds "9"]
[EventCountry "POL"]
[SourceTitle "EXT 2019"]
[Source "ChessBase"]
[SourceDate "2018.10.10"]
[SourceVersion "1"]
[SourceVersionDate "2018.10.10"]
[SourceQuality "1"]
[WhiteTeam "Poznan Pocztowiec"]
[BlackTeam "Glogow MOK Chrobry"]
[WhiteTeamCountry "POL"]
[BlackTeamCountry "POL"]

1. e4 e6 2. d4 d5 3. Nc3 Nc6 4. e5 Nge7 5. f4 Nf5 6. Nf3 Bb4 7. a3 Ba5 8. b4 Bb6 9. Ne2 a5 10. b5 Nb8 11. a4 0-0 12. Ng3 Nh4 13. c3 Re8 14. Bd3 h6 15. 0-0 c5 16. Bb1 cxd4 17. cxd4 Nf5 18. Nh5 Qc7 19. g4 Nxd4 20. Qd3 Nxf3+ 21. Kh1 Nd7 22. Qh7+ Kf8 23. Nxg7 Ke7 24. Ba3+ Bc5 25. Bg6 Rf8 26. Rxf3 b6 27. Qxh6 Bb7 28. Qg5+ 1-0

[Event "POL-chT 58th"]
[Site "Lubniewice"]
[Date "2002.09.05"]
[Round "6"]
[White "Dryja, Piotr"]
[Black "Toczek, Grzegorz"]
[Result "1-0"]
[WhiteElo "2104"]
[BlackElo "2290"]
[PlyCount "69"]
[EventDate "2002.08.31"]
[EventType "team-tourn"]
[EventRounds "9"]
[EventCountry "POL"]
[SourceTitle "EXT 2019"]
[Source "ChessBase"]
[SourceDate "2018.10.10"]
[SourceVersion "1"]
[SourceVersionDate "2018.10.10"]
[SourceQuality "1"]
[WhiteTeam "Glogow MOK Chrobry"]
[BlackTeam "Rzeszow Zelmer"]
[WhiteTeamCountry "POL"]
[BlackTeamCountry "POL"]

1. d4 Nf6 2. Nf3 c5 3. e3 b6 4. Bd3 g6 5. Nbd2 Bg7 6. 0-0 0-0 7. c3 Nc6 8. Re1 d5 9. b3 Nd7 10. Bb2 e5 11. Bb5 Bb7 12. c4 exd4 13. Bxc6 Bxc6 14. exd4 dxc4 15. bxc4 Bb7 16. Rb1 cxd4 17. Bxd4 Bxd4 18. Nxd4 Nc5 19. N2b3 Rc8 20. Rc1 Qf6 21. Qe2 Nxb3 22. Nxb3 Qc6 23. Qg4 Rfe8 24. f3 a5 25. Nd4 Rxe1+ 26. Rxe1 Qxc4 27. Qd7 Qd5 28. Re7 Rc4 29. Qe8+ Kg7 30. Ne6+ Kh6 31. Qf8+ Kh5 32. g4+ Rxg4+ 33. fxg4+ Kxg4 34. h3+ Kg3 35. Qb8+ 1-0

[Event "POL-chT 58th"]
[Site "Lubniewice"]
[Date "2002.09.03"]
[Round "4"]
[White "Dryja, Piotr"]
[Black "Markowski, Tomasz"]
[Result "0-1"]
[WhiteElo "2104"]
[BlackElo "2546"]
[PlyCount "75"]
[EventDate "2002.08.31"]
[EventType "team-tourn"]
[EventRounds "9"]
[EventCountry "POL"]
[SourceTitle "EXT 2019"]
[Source "ChessBase"]
[SourceDate "2018.10.10"]
[SourceVersion "1"]
[SourceVersionDate "2018.10.10"]
[SourceQuality "1"]
[WhiteTeam "Glogow MOK Chrobry"]
[BlackTeam "Warszawa Polonia"]
[WhiteTeamCountry "POL"]
[BlackTeamCountry "POL"]

1. d4 d6 2. Nf3 g6 3. g3 Bg7 4. Bg2 Nf6 5. 0-0 0-0 6. Re1 Nbd7 7. e4 e5 8. dxe5 dxe5 9. b3 b6 10. Bb2 Qe7 11. c4 Bb7 12. Nc3 c6 13. Qc2 Ne8 14. Rad1 Nc7 15. Qd2 Rfd8 16. Bh3 Nf8 17. Qc1 Nce6 18. Ba3 Qf6 19. Bg2 Rxd1 20. Rxd1 Nd4 21. Nxd4 exd4 22. Ne2 Ne6 23. Bd6 Ng5 24. Qf4 c5 25. Qxf6 Bxf6 26. e5 Bxg2 27. Kxg2 Bg7 28. b4 Ne4 29. bxc5 bxc5 30. Rb1 Nxd6 31. exd6 Rd8 32. Nf4 Rxd6 33. Rb5 d3 34. Nd5 d2 35. Rb8+ Bf8 36. Rb1 Rxd5 37. cxd5 c4 38. h4 0-1

[Event "POL-ch U18"]
[Site "Bartkowa"]
[Date "2002.??.??"]
[Round "?"]
[White "Denderski, Piotr"]
[Black "Dryja, Piotr"]
[Result "0-1"]
[WhiteElo "2223"]
[BlackElo "2041"]
[PlyCount "172"]
[EventDate "2002.01.??"]
[EventType "swiss"]
[EventRounds "10"]
[EventCountry "POL"]
[SourceTitle "EXT 2005"]
[Source "ChessBase"]
[SourceDate "2004.11.15"]
[SourceVersion "1"]
[SourceVersionDate "2004.11.15"]
[SourceQuality "1"]

1. e4 c5 2. Nf3 Nc6 3. d4 cxd4 4. Nxd4 Nf6 5. Nc3 d6 6. Bc4 a6 7. Nxc6 bxc6 8. e5 Ng8 9. Qf3 e6 10. exd6 Bd7 11. Bf4 Nf6 12. 0-0 Nd5 13. Nxd5 cxd5 14. Bd3 Bc6 15. Qg3 g6 16. h4 Bg7 17. c3 0-0 18. Rfe1 Bd7 19. h5 Qb6 20. Re2 Qa5 21. hxg6 hxg6 22. Be5 Bxe5 23. Qxe5 Qd8 24. c4 dxc4 25. Bxc4 Rc8 26. Bxa6 Ra8 27. Bc4 Ra5 28. Qc3 Rh5 29. Re5 Rh7 30. Re3 e5 31. Bd5 Qh4 32. f3 Rc8 33. Qd2 Kg7 34. Rae1 Rch8 35. f4 Qxf4 36. g3 Qg5 37. Qc3 f6 38. Rxe5 fxe5 39. Rxe5 Rc8 40. Rxg5+ Rxc3 41. bxc3 Kf6 42. Bg8 Rh8 43. Ra5 Rxg8 44. c4 Ke6 45. c5 Rc8 46. Kf2 Bc6 47. Ra7 Bd7 48. Ra5 Kd5 49. Ra7 Bf5 50. Rg7 Kxc5 51. g4 Bxg4 52. Rxg6 Bd7 53. Ke3 Kd5 54. Rh6 Ra8 55. a4 Rxa4 56. Rh5+ Kxd6 57. Rg5 Ke6 58. Rc5 Kf6 59. Rd5 Be6 60. Rc5 Bf5 61. Rd5 Kg5 62. Rc5 Re4+ 63. Kd3 Re8+ 64. Kd4 Kf4 65. Rd5 Be4 66. Rd7 Rh8 67. Rf7+ Bf5 68. Rc7 Rd8+ 69. Kc3 Be4 70. Rc5 Ke3 71. Rc7 Rd1 72. Kb4 Kd4 73. Rc4+ Kd5 74. Rc5+ Kd6 75. Rg5 Rc1 76. Kb3 Rc8 77. Kb2 Bd5 78. Rg3 Ke5 79. Rc3 Rb8+ 80. Kc2 Be4+ 81. Kd2 Kd4 82. Rc7 Rb2+ 83. Kc1 Bd5 84. Re7 Bc4 85. Rd7+ Kc3 86. Rg7 Rh2 0-1

[Event "POL-ch U18"]
[Site "Bartkowa"]
[Date "2002.??.??"]
[Round "?"]
[White "Dryja, Piotr"]
[Black "Kazmierczak, Rafal"]
[Result "1-0"]
[WhiteElo "2041"]
[BlackElo "2135"]
[PlyCount "115"]
[EventDate "2002.01.??"]
[EventType "swiss"]
[EventRounds "10"]
[EventCountry "POL"]
[SourceTitle "EXT 2005"]
[Source "ChessBase"]
[SourceDate "2004.11.15"]
[SourceVersion "1"]
[SourceVersionDate "2004.11.15"]
[SourceQuality "1"]

1. d4 d5 2. c4 e6 3. Nc3 Nf6 4. Bg5 Be7 5. e3 Nbd7 6. c5 c6 7. Qa4 e5 8. Bd3 e4 9. Bf1 0-0 10. b4 b5 11. cxb6 Nxb6 12. Qa5 Be6 13. Ba6 Qd7 14. Na4 Nxa4 15. Qxa4 Rab8 16. a3 Bd6 17. Ne2 Nh5 18. Bf4 Nxf4 19. Nxf4 Bxf4 20. exf4 Rb6 21. Be2 Rb7 22. Ba6 Rc7 23. Rc1 Qd6 24. g3 Bh3 25. Bf1 Bxf1 26. Kxf1 Re8 27. Rc3 Qf6 28. Qd1 Rce7 29. Qd2 h5 30. h4 Qg6 31. Qe3 Re6 32. Kg2 Rd6 33. Rc5 Qf6 34. Rhc1 Ree6 35. Qc3 Qe7 36. Qe3 f5 37. Ra5 Rg6 38. Kh3 Rge6 39. Rcc5 Qb7 40. Qe2 e3 41. fxe3 Qe7 42. Rc3 Re4 43. Qxh5 g6 44. Qg5 Rxe3 45. Qxe7 Rxe7 46. Ra6 Re4 47. Rd3 Rde6 48. Rxa7 Re2 49. h5 gxh5 50. Rc3 Rd2 51. b5 Rxd4 52. bxc6 Re8 53. c7 Rc8 54. Rb7 Re4 55. Rc5 Re7 56. Rxd5 Rcxc7 57. Rxc7 Rxc7 58. Rxf5 1-0

[Event "POL-ch U18"]
[Site "Bartkowa"]
[Date "2002.??.??"]
[Round "?"]
[White "Dryja, Piotr"]
[Black "Maciol, Ryszard"]
[Result "1/2-1/2"]
[WhiteElo "2041"]
[BlackElo "2206"]
[PlyCount "100"]
[EventDate "2002.01.??"]
[EventType "swiss"]
[EventRounds "10"]
[EventCountry "POL"]
[SourceTitle "EXT 2005"]
[Source "ChessBase"]
[SourceDate "2004.11.15"]
[SourceVersion "1"]
[SourceVersionDate "2004.11.15"]
[SourceQuality "1"]

1. d4 Nf6 2. Nf3 e6 3. Bg5 d5 4. e3 c5 5. c3 Qb6 6. Qb3 Ne4 7. Bf4 Bd6 8. Bxd6 Qxd6 9. Nbd2 Nxd2 10. Nxd2 0-0 11. Be2 Nc6 12. Nf3 c4 13. Qc2 f5 14. h4 b5 15. h5 b4 16. 0-0 Bd7 17. Rfc1 Be8 18. Ng5 Qe7 19. Nh3 g5 20. hxg6 hxg6 21. f4 Nd8 22. Bf3 Nf7 23. Qf2 Kg7 24. cxb4 Qxb4 25. a3 Qb6 26. Rxc4 dxc4 27. Bxa8 Bc6 28. Bxc6 Qxc6 29. Rc1 Rb8 30. Qc2 Qb5 31. Qxc4 Qxb2 32. Qc3 Qe2 33. Re1 Qa2 34. d5+ Kh6 35. dxe6 Qxe6 36. Qd4 a5 37. Kh2 Rd8 38. Qc3 Qd5 39. Qf6 Rd6 40. Qh4+ Kg7 41. Ng5 Nxg5 42. fxg5 Qe5+ 43. Kh1 Rd8 44. Qh6+ Kf7 45. Qh7+ Qg7 46. Qxg7+ Kxg7 47. Rc1 Rd3 48. Rc7+ Kf8 49. Rc6 Kg7 50. Rc7+ Kf8 1/2-1/2

[Event "POL-ch U18"]
[Site "Bartkowa"]
[Date "2002.??.??"]
[Round "?"]
[White "Wengierow, Michal"]
[Black "Dryja, Piotr"]
[Result "1/2-1/2"]
[WhiteElo "2186"]
[BlackElo "2041"]
[PlyCount "120"]
[EventDate "2002.01.??"]
[EventType "swiss"]
[EventRounds "10"]
[EventCountry "POL"]
[SourceTitle "EXT 2005"]
[Source "ChessBase"]
[SourceDate "2004.11.15"]
[SourceVersion "1"]
[SourceVersionDate "2004.11.15"]
[SourceQuality "1"]

1. c4 Nf6 2. Nc3 e6 3. g3 d5 4. cxd5 exd5 5. d4 Bd6 6. Nf3 c6 7. Bg2 0-0 8. 0-0 Re8 9. Re1 Bg4 10. h3 Bd7 11. Bg5 Be7 12. Rc1 Na6 13. a3 h6 14. Bxf6 Bxf6 15. b4 Nc7 16. a4 Ne6 17. b5 Qb6 18. e3 Nc7 19. bxc6 Bxc6 20. Rb1 Qa5 21. Qb3 Reb8 22. Rec1 a6 23. Ne1 Be7 24. Nd3 Bd6 25. Nc5 Bxc5 26. dxc5 Rd8 27. Ne2 Ne6 28. Qa3 Rd7 29. Nc3 Rc8 30. Rd1 Qxc5 31. Qxc5 Nxc5 32. Nxd5 Nxa4 33. Rdc1 Rcd8 34. Nb6 Nxb6 35. Bxc6 bxc6 36. Rxb6 Rd1+ 37. Rxd1 Rxd1+ 38. Kg2 a5 39. Rxc6 a4 40. Ra6 Ra1 41. h4 a3 42. Ra8+ Kh7 43. Ra6 h5 44. Kf3 f6 45. Kf4 Kg6 46. Ra7 a2 47. e4 Kh7 48. Kf5 Kh6 49. Ra4 Kh7 50. Ra8 Rb1 51. Rxa2 Rb5+ 52. Kf4 Kg6 53. Rd2 Rb3 54. Rd5 Rb4 55. f3 Rb3 56. Rc5 Ra3 57. g4 hxg4 58. fxg4 Ra1 59. g5 Rf1+ 60. Kg3 Rg1+ 1/2-1/2

[Event "POL-chT2 South U19"]
[Site "Rudnik"]
[Date "2000.??.??"]
[Round "2.2"]
[White "Dryja, Piotr"]
[Black "Kopacz, Lukasz"]
[Result "1-0"]
[WhiteElo "2011"]
[BlackElo "2000"]
[PlyCount "59"]
[EventDate "2000.07.20"]
[EventType "team-swiss"]
[EventRounds "10"]
[EventCountry "POL"]
[SourceTitle "EXT 2005"]
[Source "ChessBase"]
[SourceDate "2004.11.15"]
[SourceVersion "1"]
[SourceVersionDate "2004.11.15"]
[SourceQuality "1"]
[WhiteTeam "Glogow Budoprojekt U19"]
[BlackTeam "Gorno Gornovia U19"]
[WhiteTeamCountry "POL"]
[BlackTeamCountry "POL"]

1. e4 c5 2. Nc3 Nc6 3. g3 g6 4. Bg2 Bg7 5. Nge2 Rb8 6. b3 d6 7. Bb2 e5 8. 0-0 Nge7 9. d3 0-0 10. Kh1 b5 11. Qe1 b4 12. Nd1 Nd4 13. Ne3 Nxe2 14. Qxe2 f5 15. f4 Nc6 16. exf5 Nd4 17. Bxd4 exd4 18. Bd5+ Kh8 19. Ng2 Re8 20. Qf3 Bxf5 21. g4 Bd7 22. h3 Qf6 23. g5 Qf8 24. a3 a5 25. axb4 axb4 26. Ra7 Re7 27. Rfa1 Rbe8 28. Kh2 Bf5 29. Rxe7 Rxe7 30. Bc6 1-0

[Event "POL-ch U16"]
[Site "Wisla"]
[Date "2000.??.??"]
[Round "9"]
[White "Lagowski, Patryk"]
[Black "Dryja, Piotr"]
[Result "1-0"]
[WhiteElo "2182"]
[BlackElo "2016"]
[PlyCount "93"]
[EventDate "2000.02.26"]
[EventType "swiss"]
[EventRounds "10"]
[EventCountry "POL"]
[SourceTitle "EXT 2005"]
[Source "ChessBase"]
[SourceDate "2004.11.15"]
[SourceVersion "1"]
[SourceVersionDate "2004.11.15"]
[SourceQuality "1"]

1. e4 c5 2. Nf3 Nc6 3. d4 cxd4 4. Nxd4 Nf6 5. Nc3 d6 6. Bg5 e6 7. Be2 Be7 8. 0-0 a6 9. Qd2 h6 10. Be3 Bd7 11. f4 Qc7 12. Nb3 b5 13. a3 e5 14. Nd5 Nxd5 15. exd5 Nd8 16. Rad1 Nb7 17. Bh5 g6 18. Bf3 exf4 19. Bxf4 g5 20. Be3 0-0-0 21. Bd4 Rhg8 22. Bh5 Be8 23. Bxf7 Bxf7 24. Rxf7 Rdf8 25. Rdf1 Rxf7 26. Rxf7 Rf8 27. Rxf8+ Bxf8 28. Qc3 Qxc3 29. Bxc3 Kd7 30. Kf2 Ke8 31. Kf3 Kf7 32. Ke4 Kg6 33. Bd4 Be7 34. g4 Bf6 35. Nd2 Bd8 36. Nf1 h5 37. h3 hxg4 38. hxg4 a5 39. Ne3 Bf6 40. b4 Bd8 41. c4 axb4 42. axb4 bxc4 43. Nxc4 Be7 44. Na5 Nd8 45. Nc6 Kf7 46. Nxd8+ Bxd8 47. Kf5 1-0

[Event "POL-ch U16"]
[Site "Wisla"]
[Date "2000.??.??"]
[Round "5"]
[White "Tomczak, Rafal"]
[Black "Dryja, Piotr"]
[Result "1-0"]
[WhiteElo "2194"]
[BlackElo "2016"]
[PlyCount "75"]
[EventDate "2000.02.26"]
[EventType "swiss"]
[EventRounds "10"]
[EventCountry "POL"]
[SourceTitle "EXT 2005"]
[Source "ChessBase"]
[SourceDate "2004.11.15"]
[SourceVersion "1"]
[SourceVersionDate "2004.11.15"]
[SourceQuality "1"]

1. e4 c5 2. Nf3 d6 3. d4 cxd4 4. Nxd4 Nf6 5. Nc3 a6 6. Bg5 e6 7. f4 Bd7 8. Qf3 Nc6 9. 0-0-0 Qc7 10. Kb1 Be7 11. Nb3 0-0-0 12. Be2 h6 13. Bh4 Kb8 14. Bf2 Be8 15. Qe3 Nd7 16. Rhe1 Nc5 17. Bf3 b6 18. Ne2 Kb7 19. Nbd4 g5 20. g3 Rc8 21. e5 d5 22. Nxc6 Bxc6 23. Nd4 Ka7 24. f5 exf5 25. Nxc6+ Qxc6 26. Bxd5 Qc7 27. Bxf7 Ne4 28. Rd7 Bc5 29. Qd3 Bxf2 30. Rf1 Kb8 31. Rxc7 Kxc7 32. Rxf2 Rhd8 33. Rxf5 Rxd3 34. cxd3 Nc5 35. d4 Nd3 36. Rf3 Ne1 37. Re3 Ng2 38. Re2 1-0

[Event "POL-chT2 South U19"]
[Site "Rudnik"]
[Date "2000.??.??"]
[Round "7.2"]
[White "Turecki, Krzysztof"]
[Black "Dryja, Piotr"]
[Result "1-0"]
[WhiteElo "2000"]
[BlackElo "2011"]
[PlyCount "61"]
[EventDate "2000.07.20"]
[EventType "team-swiss"]
[EventRounds "10"]
[EventCountry "POL"]
[SourceTitle "EXT 2005"]
[Source "ChessBase"]
[SourceDate "2004.11.15"]
[SourceVersion "1"]
[SourceVersionDate "2004.11.15"]
[SourceQuality "1"]
[WhiteTeam "POL-chT2 South U19 5"]
[BlackTeam "Glogow Budoprojekt U19"]
[WhiteTeamCountry "POL"]
[BlackTeamCountry "POL"]

1. d4 Nf6 2. Nf3 e6 3. g3 d5 4. Bg2 Be7 5. 0-0 0-0 6. b3 Ne4 7. Bb2 f5 8. c4 Nd7 9. Ne1 Rb8 10. Nd3 Re8 11. f3 Nef6 12. Nd2 c6 13. e4 h6 14. Qe2 b5 15. c5 Kh8 16. Rae1 b4 17. Bh3 dxe4 18. fxe4 Ba6 19. e5 Nh7 20. Nc4 Bxc4 21. bxc4 a5 22. Bg2 Qc7 23. Qd2 Bg5 24. Qc2 Qa7 25. Bxc6 Rec8 26. Qa4 Nhf8 27. Bb5 Be7 28. Kg2 Qc7 29. Nf4 g5 30. Bxd7 Rd8 31. Bxe6 1-0